[Event "GEO-ch (Women)"]
[Site "Soviet Union"]
[Date "1990.??.??"]
[Round "13"]
[White "Arakhamia Grant, Ketevan"]
[Black "Kimberg, Lia"]
[Result "1-0"]
[WhiteElo "2385"]
[BlackElo "2150"]
[PlyCount "103"]
[EventDate "1990.??.??"]
[EventType "tourn"]
[EventRounds "13"]
[EventCountry "URS"]
[EventCategory "1"]
[SourceTitle "TD"]
[Source "ChessBase"]
[SourceDate "1994.03.01"]
[SourceVersion "1"]
[SourceVersionDate "1994.03.01"]
[SourceQuality "1"]

1. d4 Nf6 2. c4 e6 3. Nc3 d5 4. Bf4 Be7 5. e3 0-0 6. Nf3 c6 7. Qc2 b6 8. cxd5 Nxd5 9. Nxd5 Qxd5 10. a3 Qa5+ 11. Nd2 Ba6 12. 0-0-0 Bxf1 13. Rhxf1 Nd7 14. e4 b5 15. Kb1 Qb6 16. Nb3 a5 17. Rc1 a4 18. Nc5 Nxc5 19. dxc5 Qa7 20. Bd6 Rfd8 21. e5 Bf8 22. Qe4 Qb7 23. f4 g6 24. g4 b4 25. Qxb4 Qxb4 26. axb4 Rd7 27. Ka2 Bg7 28. b5 cxb5 29. c6 Rda7 30. c7 Rc8 31. Rc6 f6 32. Rfc1 Kf7 33. Rb6 Ke8 34. Rxb5 fxe5 35. fxe5 Bh6 36. Rf1 Kd7 37. Rf7+ Kc6 38. Rc5+ Kb6 39. Rxh7 Be3 40. Rc4 Raa8 41. Rb4+ Kc6 42. Rb8 Bc5 43. Rxa8 Rxa8 44. Bxc5 Kxc5 45. Rg7 Rc8 46. Rxg6 Kd5 47. Rg7 Kxe5 48. g5 Kf5 49. h4 e5 50. Kb1 Kg4 51. Rh7 e4 52. Kc2 1-0

[Event "GEO-ch (Women)"]
[Site "Soviet Union"]
[Date "1990.??.??"]
[Round "4"]
[White "Ioseliani, Nana"]
[Black "Kimberg, Lia"]
[Result "1-0"]
[WhiteElo "2475"]
[BlackElo "2150"]
[PlyCount "133"]
[EventDate "1990.??.??"]
[EventType "tourn"]
[EventRounds "13"]
[EventCountry "URS"]
[EventCategory "1"]
[SourceTitle "TD"]
[Source "ChessBase"]
[SourceDate "1994.03.01"]
[SourceVersion "1"]
[SourceVersionDate "1994.03.01"]
[SourceQuality "1"]

1. d4 Nf6 2. c4 e6 3. Nc3 d5 4. Nf3 c6 5. Qc2 Be7 6. cxd5 cxd5 7. Bf4 0-0 8. e3 Qa5 9. Be2 b6 10. Nd2 Bb4 11. 0-0 Bxc3 12. Qxc3 Qxc3 13. bxc3 Ba6 14. c4 Nc6 15. Rfc1 Na5 16. Kf1 Rfc8 17. cxd5 Bxe2+ 18. Kxe2 Nxd5 19. Bd6 f6 20. h4 h5 21. g3 Kf7 22. Kd3 Ke8 23. e4 Ne7 24. Bb4 Nec6 25. Bc3 Nb7 26. Rab1 Kd7 27. a4 Rc7 28. Nf1 Rac8 29. Ne3 Nca5 30. Bd2 Rxc1 31. Rxc1 Rxc1 32. Bxc1 e5 33. Ba3 Nb3 34. dxe5 fxe5 35. Kc4 N3c5 36. Kd5 Nxa4 37. Kxe5 Nac5 38. Kd5 a5 39. Nc4 Na4 40. Ne5+ Kc7 41. Bf8 Nbc5 42. f3 Nc3+ 43. Kc4 Ne6 44. Be7 Ne2 45. Kd5 N6d4 46. g4 a4 47. Bd6+ Kd8 48. Kc4 Ne6 49. gxh5 N2d4 50. Kd5 Ke8 51. Nd3 Kf7 52. Ne5+ Ke8 53. Nc4 b5 54. Ne5 b4 55. Bxb4 Nc2 56. Bc3 Nf4+ 57. Kc4 Nxh5 58. Nd3 Nf4 59. Bf6 Ne2 60. h5 a3 61. Nb4 Ne1 62. h6 Kf7 63. f4 Nf3 64. Kd3 Nc1+ 65. Ke3 Nh2 66. e5 a2 67. e6+ 1-0

[Event "GEO-ch (Women)"]
[Site "Soviet Union"]
[Date "1990.??.??"]
[Round "7"]
[White "Kimberg, Lia"]
[Black "Gurieli, Nino"]
[Result "1/2-1/2"]
[WhiteElo "2150"]
[BlackElo "2340"]
[PlyCount "110"]
[EventDate "1990.??.??"]
[EventType "tourn"]
[EventRounds "13"]
[EventCountry "URS"]
[EventCategory "1"]
[SourceTitle "TD"]
[Source "ChessBase"]
[SourceDate "1994.03.01"]
[SourceVersion "1"]
[SourceVersionDate "1994.03.01"]
[SourceQuality "1"]

1. d4 Nf6 2. c4 g6 3. Nc3 Bg7 4. Nf3 0-0 5. e4 d6 6. Be2 Nc6 7. h3 e5 8. Be3 exd4 9. Nxd4 Re8 10. Nxc6 bxc6 11. Bf3 Rb8 12. Qc2 c5 13. 0-0 Nd7 14. Rad1 Bb7 15. b3 Bxc3 16. Qxc3 Qh4 17. Bc1 Ne5 18. Bb2 f5 19. Rde1 f4 20. Bg4 h5 21. g3 fxg3 22. fxg3 Qe7 23. Bd1 Bc8 24. Kh2 Bd7 25. Rf4 Rf8 26. Ref1 Bc6 27. Bc2 g5 28. R4f2 Rxf2+ 29. Rxf2 Rf8 30. Qe3 Rxf2+ 31. Qxf2 Bd7 32. Bd1 h4 33. gxh4 gxh4 34. Qg2+ Kh7 35. Bg4 Nxg4+ 36. hxg4 Bc6 37. Qf2 Bxe4 38. Bf6 Qe6 39. Qxh4+ Kg6 40. Qg5+ Kf7 41. Qg7+ Ke8 42. Kg3 Qf7 43. Qh8+ Qf8 44. Qh5+ Kd7 45. g5 Qe8 46. Qg4+ Qe6 47. Qf4 Qf5 48. Qe3 Qh7 49. a3 Qh1 50. b4 cxb4 51. axb4 a6 52. Qe2 Qb1 53. Kf4 Bg6 54. Qg4+ Kc6 55. Qg2+ Kb6 1/2-1/2

[Event "GEO-ch (Women)"]
[Site "Soviet Union"]
[Date "1990.??.??"]
[Round "1"]
[White "Kimberg, Lia"]
[Black "Kasoshvili, Tsiala"]
[Result "0-1"]
[WhiteElo "2150"]
[BlackElo "2165"]
[PlyCount "82"]
[EventDate "1990.??.??"]
[EventType "tourn"]
[EventRounds "13"]
[EventCountry "URS"]
[EventCategory "1"]
[SourceTitle "TD"]
[Source "ChessBase"]
[SourceDate "1994.03.01"]
[SourceVersion "1"]
[SourceVersionDate "1994.03.01"]
[SourceQuality "1"]

1. d4 Nf6 2. g3 d5 3. Bg2 c6 4. Nf3 Bf5 5. c4 e6 6. Nc3 h6 7. 0-0 Nbd7 8. cxd5 exd5 9. Nh4 Bh7 10. e4 dxe4 11. Re1 Bb4 12. g4 0-0 13. g5 hxg5 14. Bxg5 Qa5 15. Qc1 Rfe8 16. a3 Bxc3 17. bxc3 c5 18. Qf4 cxd4 19. cxd4 Nh5 20. Qe3 Qd5 21. Bf1 f6 22. Be2 Qf7 23. Rac1 Nb6 24. Bf4 Nd5 25. Bxh5 Qxh5 26. Qb3 Kh8 27. Bg3 b6 28. Ng2 Bg8 29. Qb5 Rad8 30. Qa4 Re7 31. Ne3 Qg5 32. Nxd5 Qxd5 33. Red1 Be6 34. Qb4 Red7 35. Bc7 Rc8 36. Bf4 Re8 37. Rc2 Bg4 38. Rdc1 Qf5 39. Be3 Bh3 40. f4 Qg4+ 41. Kf2 Qf3+ 0-1

[Event "GEO-ch (Women)"]
[Site "Soviet Union"]
[Date "1990.??.??"]
[Round "9"]
[White "Melashvili, Ketevan"]
[Black "Kimberg, Lia"]
[Result "1-0"]
[WhiteElo "2120"]
[BlackElo "2150"]
[PlyCount "122"]
[EventDate "1990.??.??"]
[EventType "tourn"]
[EventRounds "13"]
[EventCountry "URS"]
[EventCategory "1"]
[SourceTitle "TD"]
[Source "ChessBase"]
[SourceDate "1994.03.01"]
[SourceVersion "1"]
[SourceVersionDate "1994.03.01"]
[SourceQuality "1"]

1. d4 Nf6 2. Nf3 e6 3. g3 b6 4. Bg2 Bb7 5. 0-0 Be7 6. c4 0-0 7. Nc3 Ne4 8. Qc2 Nxc3 9. Qxc3 Be4 10. Be3 c6 11. Rac1 Na6 12. a3 Rc8 13. Rfd1 d5 14. Qb3 Qc7 15. cxd5 Bxd5 16. Qd3 Qb7 17. Bg5 c5 18. Bxe7 c4 19. Qc2 Qxe7 20. e4 Bb7 21. Qa4 Nb8 22. Qxa7 b5 23. d5 exd5 24. exd5 Rfe8 25. Re1 Qc7 26. d6 Qd7 27. Ne5 Rxe5 28. Qxb7 Qxb7 29. Bxb7 Rxe1+ 30. Rxe1 Rd8 31. Re5 b4 32. axb4 Kf8 33. Rd5 Ke8 34. b5 Kd7 35. Rd4 Ke6 36. Rxc4 Rxd6 37. b4 Rb6 38. Bc6 Kd6 39. Rd4+ Kc7 40. Be8 f6 41. Rg4 g6 42. Rh4 Kd8 43. Bc6 Nxc6 44. bxc6 Rxc6 45. Rxh7 Rb6 46. Rh4 Ke7 47. Re4+ Kd6 48. h4 Kd5 49. Rg4 f5 50. Rf4 Ke5 51. Kf1 Rd6 52. Ke2 Rd5 53. Ke3 Rd1 54. Rc4 Ra1 55. Rc5+ Kd6 56. h5 Ra3+ 57. Kf4 Rb3 58. Rb5 gxh5 59. Rxf5 Rxb4+ 60. Kf3 h4 61. g4 Rb3+ 1-0